[Event "Michigan Class C"]
[Site "Auburn Hills"]
[Date "2005.01.16"]
[Round "4.6"]
[White "Smith, Robert"]
[Black "McClure, Eugene"]
[Result "1/2-1/2"]
[WhiteElo "1500"]
[BlackElo "1454"]
[PlyCount "85"]
[EventDate "2005.01.15"]
[EventType "swiss"]
[EventRounds "5"]
[EventCountry "USA"]
[SourceTitle "EXT 2006"]
[Source "ChessBase"]
[SourceDate "2005.11.24"]
[SourceVersion "1"]
[SourceVersionDate "2005.11.24"]
[SourceQuality "1"]

1. d4 d5 2. c4 e6 3. Nc3 c5 4. e3 Nf6 5. cxd5 exd5 6. Bd3 Nc6 7. Nf3 Be7 8. 0-0 0-0 9. a3 c4 10. Bc2 a6 11. b3 cxb3 12. Bxb3 b5 13. Bb2 Na5 14. Ba2 Bb7 15. Nd2 Rc8 16. Qe2 b4 17. axb4 Bxb4 18. Rac1 Nc6 19. Bb1 Re8 20. Na2 a5 21. Nxb4 Nxb4 22. Rxc8 Bxc8 23. Rc1 Ba6 24. Qd1 Qb6 25. Nb3 Ne4 26. Nc5 Nf6 27. Ba3 Bc4 28. Bxb4 axb4 29. Bc2 Rd8 30. Rb1 Nd7 31. Nd3 Bxd3 32. Qxd3 g6 33. Qb3 Rc8 34. Qxd5 Nf6 35. Qb3 Rb8 36. Bd3 Qb7 37. e4 Nxe4 38. Bxe4 Qxe4 39. Rd1 Qe7 40. d5 Qd6 41. g3 Rc8 42. Rd3 Ra8 43. Qc4 1/2-1/2